| 000 | 00662nam a2200229 a 4500 | ||
|---|---|---|---|
| 001 | 63967 | ||
| 003 | BD-RjUL | ||
| 005 | 20211209081246.0 | ||
| 008 | 170206s1956 enka 001 0 | ||
| 035 | _a(BD-RjUL)64097 | ||
| 040 |
_aBD-RjUL _beng _cBD-RjUL |
||
| 041 | _aeng | ||
| 082 |
_223 _a657.2 _bBAD 1956 |
||
| 100 | 1 |
_aBatliboi, Jamshed R. _q(Jamshed Rustomji) _9189956 |
|
| 245 | 1 | 0 |
_aDouble-entry book-keeping / _cJamshed R Batliboi |
| 250 | _a16th ed. | ||
| 260 |
_aBombay : _bStandard accountancy publications, _c1956 |
||
| 300 |
_axxiii, 530 p. : _bill. ; _c23 cm. |
||
| 500 | _aIncludes index. | ||
| 650 |
_aBookkeeping _9182506 |
||
| 942 |
_2ddc _cBK |
||
| 999 |
_c63967 _d63967 |
||